Visualizzazione normale
Vista MARC
- TEATRALE
di Topical Term
Records bibliografici associati: 1
001 - CONTROL NUMBER
- control field: 49279
003 - CONTROL NUMBER IDENTIFIER
- control field: IT-RoPau
005 - DATE AND TIME OF LATEST TRANSACTION
- control field: 20151202084058.0
008 - FIXED-LENGTH DATA ELEMENTS
- fixed length control field: 151202|| aca||aabn | a|a d
040 ## - CATALOGING SOURCE
- Original cataloging agency: IT-RoPau
- Transcribing agency: IT-RoPau
150 ## - HEADING--TOPICAL TERM
- Topical term or geographic name entry element: TEATRALE
- : TV-TEATRO/DANZA [VHS]
- General subdivision: Codice MATERIA SPICS: 9961
670 ## - SOURCE DATA FOUND
- Source citation: Work cat.: (IT-RoPau)106889: Grimaldi Antonello Codice regista SPICS: 21641 49277, TOTEM: LETTURE, SUONI, LEZIONI (2) TOTEM: LETTURE, SUONI, LEZIONI (2) (Rif. Codice opera principale : G7049)